00461nam a2200157 4500020001800000082002100018100001600039245003900055260003500094300001000129650003400139650003000173650002600203650005900229650001500288 a9789349946781 aM 894.812bFAB/M aFabeena E V aMalayalam Capsule/cby Fabeena E V aKozhikode:bAtma books,c2025. a304p. aMalayalam language literature aSouth Dravidian languages aDravidian literatures aLiteratures of Altaic, Uralic, and Dravidian languages aLiterature